000 00711nam a22002177a 4500
999 _c10245
_d10245
003 AR-CdUCM
008 190329b ||||| |||| 00| 0 spa d
040 _aMUNICIPALIDAD PROVINCIAL DEL CUSCO
_cBIBLIOTECA MUNICIPAL DEL CUSCO
082 _22ed.
_aES / 800 /
_bS31
100 _aSchiller
_926980
245 _aTres obras de Schiller /
260 _aBuenos aires :
_bAtlantida, S.A.,
_c1949.
300 _a106 paginas ;
_c17 cm.
440 _aBiblioteca Billiken.
_nColección roja.
_926981
505 _aContenido :Schiller -- Los bandidos -- Guillermo Tell -- Don Carlos.
650 _aLiteratura
_9416
650 _aEdad media
_9454
650 _aSecundaria
_926940
942 _2ddc
_cLIBROS
945 _arum